| 000 | 00925nam a2200289 4500 | ||
|---|---|---|---|
| 003 | OSt | ||
| 005 | 20260530115300.0 | ||
| 008 | 260421b2009 NYUa|||| |||| 00| 0 eng d | ||
| 020 | _a9781599951683 | ||
| 040 |
_aICI _bspa _cICI |
||
| 050 |
_aBF637.S8 _bM39 2009 |
||
| 100 | 1 |
_aMaxwell, John C. _931142 |
|
| 245 | 1 | 0 |
_aHow successful people think / _cJohn C. Maxwell |
| 264 | 1 |
_bCenter Street, _c2009 _aNashville, TN : |
|
| 300 |
_a128 páginas _c21 cm |
||
| 336 |
_atexto _2rdacontent |
||
| 337 |
_asin medio _2rdamedia |
||
| 338 |
_avolumen _2rdacarrier |
||
| 500 | _aLibro sobre desarrollo del pensamiento orientado al éxito personal y profesional | ||
| 650 |
_aÉxito _xAspectos psicológicos _925867 |
||
| 650 | _aPensamiento creativo | ||
| 650 | _aDesarrollo personal | ||
| 650 | _aToma de decisiones | ||
| 650 |
_aLiderazgo _931146 |
||
| 655 |
_2local _aLibros de superación personal _931147 |
||
| 942 |
_2lcc _cBK |
||
| 999 |
_c12822 _d12822 |
||